Normal view
MARC view
Entry Personal Name
001 - CONTROL NUMBER
- control field: 71618
003 - CONTROL NUMBER IDENTIFIER
- control field: dpl
005 - DATE AND TIME OF LATEST TRANSACTION
- control field: 20240913101718.0
008 - FIXED-LENGTH DATA ELEMENTS
- fixed length control field: 240913|| aca||aabn | a|a d
040 ## - CATALOGING SOURCE
- Original cataloging agency: dpl
- Transcribing agency: dpl
100 ## - HEADING--PERSONAL NAME
- Personal name: सचिदानन्द जोशी
670 ## - SOURCE DATA FOUND
- Source citation: Work cat.: (dpl)205793: सचिदानन्द जोशी, जिन्दगी का बोनस /, 2021
